000 00721nam a2200229 a 4500
001 BS0000618
003 BR-BrBNA
005 20231110134152.0
008 230308b |||||||| |||| 00| 0 por d
040 _aBR-BrBNA
_bpor
_cBiblioteca Nacional de Agricultura
041 _apor
072 _aU00
090 _aU00
_bBS0000618
100 1 _aFernandes, Millor.
245 1 _aReflexões sem dor /
260 3 _aSão Paulo:
_bEdibolso,
_c1977.
300 _a94 p.
520 3 _aAs frases e reflexões engraçadíssimas e sarcasticas, captando instantâneos da vida de todos os dias, mostram o humor refinado o extraordinário Millôr Fernandes.
650 _aLITERATURA BRASILEIRA
650 _aHUMOR
942 _cBK
_2AGRIS
999 _c5680
_d5680